000 00712nam a2200289Ia 4500
005 20260324122512.0
008 008 260324s9999 xx 000 0 eng d
020 _a9781315597874
037 _aEBOOK
040 _aCRL
040 _beng
040 _cCRL
041 _2eng
041 _aeng
084 _qCRL
100 _aWilliam T. Tow; David Walton
_91166688
245 0 _aNew Approaches to Human Security in the Asia-Pacific
245 0 _bChina, Japan and Australia
260 _bTaylor and Francis
260 _c2013
365 _a
365 _b230
856 _uhttp://www.taylorfrancis.com/books/9781315597874
942 _cEBOOK
999 _c1759499
_d1759499